People who have made appearances at Kai's bashes Quiz Stats

Quiz not verified by Sporcle

Challenge
Share
Tweet
Embed
Score 0/74 Timer 15:00
0 Plays Today
Hint Answer % Correct
3David silverman
100%
5Kai vasiluk
90.9%
5Jake given
90.9%
4Matt Rozga
90.9%
4Roi gincel
90.9%
5Alek vasiluk
81.8%
4Henry zlotnick
81.8%
5Eli raich
81.8%
5Ian raich
81.8%
5Alex mikler
81.8%
2Dennis nazarov
81.8%
4Breanna gary
81.8%
3Miller friedman
81.8%
3Allen khodab
81.8%
3Matt Ziegelstein
81.8%
3Shayan farasat
81.8%
3Shouran farasat
81.8%
2Vicky Spivak
81.8%
2Lauren losin
81.8%
4Oscar needleman
72.7%
4Jordan plotkin
72.7%
5Elliot hastie
72.7%
5Carter kopel
72.7%
3Nick karakulko
72.7%
2Logan flaks
72.7%
2Vicki poradich
72.7%
1Jamie neumann
72.7%
1Allie cohen
72.7%
1Jake abel
72.7%
1Berg
72.7%
1Deps
72.7%
1Henley
72.7%
1Jared rosen
72.7%
4Kat Chirgott
63.6%
4Alex bierer
63.6%
3Ava meltzer
63.6%
2Brendan varhaftik
63.6%
Hint Answer % Correct
2Kendall Abell
63.6%
2Slade parson
63.6%
2Ben romalis
63.6%
1Emma johnson
63.6%
1Jamie jontiff
63.6%
1Grant Kovelman
63.6%
1Marcei
63.6%
1Jake lippman
63.6%
1Liam bannon
63.6%
3Gillian greenberg
54.5%
3Ethan greenberg
54.5%
2Julia Levine
54.5%
2Emily glossinger
54.5%
2Melvyn Hullana
54.5%
1Ally resnick
54.5%
1Aida Porter Hyatt
54.5%
1Hannah weiss
54.5%
1Ori rattner
54.5%
1Claire
54.5%
1Kendall stewart
54.5%
1Brad jackson
54.5%
2Morgan weiss
45.5%
1Soraya moss
45.5%
1Eric Ostrow
45.5%
1Samira
45.5%
1Crazy Mike
45.5%
2Sami zerwitz
36.4%
2Julia Pinsky
36.4%
1Alon Purrio
36.4%
1Rayut berkowitz
36.4%
1Lior Kravets
36.4%
1Timmy Barrick
36.4%
1Alex Wetzler
36.4%
2Josh lipsey
36.4%
2Leora fastow
27.3%
1Valerie preactor
9.1%
1Marli caplan
9.1%

You're not logged in!

Compare scores with friends on all Sporcle quizzes.
Sign Up with Email
OR
Log In

You Might Also Like...

Show Comments

Extras

Top Quizzes Today


Score Distribution

Your Account Isn't Verified!

In order to create a playlist on Sporcle, you need to verify the email address you used during registration. Go to your Sporcle Settings to finish the process.